00470nam a2200145Ia 4500008004100000040001800041041000800059100001700067245007900084260004300163300001800206490003900224600003800263650002300301130821s1970 ck gr spa  aCo-BoUCMbspa00aspa aPollak, Kurt04aLos discípulos de Hipócrates una historia de la medicinacKurt Pollak aBogotá (Colombia)bPlaza Janesc1970 a400 páginas aEnciclopedia general de la cultura aHipócratesd460-377? a. de J.C.04aMedicinaxHistoria